=LDR 00000nam 2200000 4500 =001 INLIS000000000012630 =005 20130612104130 =008 ***********************************Ind** =035 ##$$0010-061300000012630 =041 ##$$a Ind =082 ##$$a 615.1 =090 ##$$a 615.1, Ani p =100 ##$$a Arif, Moh =245 ##$$a Perjalanan dan aib obat dalam badan, Moh.Arif =260 ##$$a 1980 $b Yogyakarta =300 ##$$a 107 hlm., Ilus, 21 cm =650 ##$$a Obat =850 ##$$a NBPNMAT